The level of readiness of selected schools in district 1 of Rizal in offering special education program / (Record no. 80416)

MARC details
000 -LEADER
fixed length control field 01828nam a22003017a 4500
003 - CONTROL NUMBER IDENTIFIER
control field URS
005 - DATE AND TIME OF LATEST TRANSACTION
control field 20240606211121.0
008 - FIXED-LENGTH DATA ELEMENTS--GENERAL INFORMATION
fixed length control field 240507b |||||||| |||| 00| 0 eng d
050 ## - LIBRARY OF CONGRESS CALL NUMBER
Classification number BEED
Item number H355 2014
100 1# - MAIN ENTRY--PERSONAL NAME
Personal name Hallig, Lean M.,
Relator term researcher.
245 14 - TITLE STATEMENT
Title The level of readiness of selected schools in district 1 of Rizal in offering special education program /
Statement of responsibility, etc. Lean M. Hallig, Iris Crizette R. Magat, Anna Clarisse L. Masangkay.
260 #1 - PUBLICATION, DISTRIBUTION, ETC.
Date of publication, distribution, etc. [2014]
300 ## - PHYSICAL DESCRIPTION
Extent xx, 96 leaves :
Other physical details color illustrations ;
Dimensions 28 cm
336 ## - CONTENT TYPE
Source rdacontent
Content type term text
337 ## - MEDIA TYPE
Source rdamedia
Media type term unmdeiated
338 ## - CARRIER TYPE
Source rdacarrier
Carrier type term volume
500 ## - GENERAL NOTE
General note Undergraduate thesis (Elementary Education) - University of Rizal System, Cainta 2014
504 ## - BIBLIOGRAPHY, ETC. NOTE
Bibliography, etc. note Includes bibliographical references.
520 ## - SUMMARY, ETC.
Summary, etc. "The study aims to assess the level of readiness of the schools in District 1 of Rizal namely Cainta Elementary School, Sta. Ana Elementary School and Tahanang Walang Hagdanan Inc. in offering Special Education Program in terms of teacher-related factors, school-related factors and parent- related factors." -- Abstract
524 ## - PREFERRED CITATION OF DESCRIBED MATERIALS NOTE
Preferred citation of described materials note Hallig, L. M., Magat, I. C. R. & Masangkay, A. C. L. (2014). The level of readiness of selected schools in district 1 of Rizal in offering special education program. University of Rizal System.
546 ## - LANGUAGE NOTE
Language note In English text.
650 #0 - SUBJECT ADDED ENTRY--TOPICAL TERM
Topical term or geographic name entry element Elementary Education
Form subdivision Thesis, Academic.
700 1# - ADDED ENTRY--PERSONAL NAME
Personal name Magat, Iris Crizette R.,
Relator term researcher.
700 1# - ADDED ENTRY--PERSONAL NAME
Personal name Masangkay, Anna Clarisse L.,
Relator term researcher.
856 ## - ELECTRONIC LOCATION AND ACCESS
Materials specified Online Request for Student Unpublished Works
Uniform Resource Identifier <a href="https://docs.google.com/forms/d/e/1FAIpQLSdtj_eCncT3hgTIbOB8g-3uMYPTK14UGxs8cj-GqWFJPmnTLA/viewform">https://docs.google.com/forms/d/e/1FAIpQLSdtj_eCncT3hgTIbOB8g-3uMYPTK14UGxs8cj-GqWFJPmnTLA/viewform</a>
856 ## - ELECTRONIC LOCATION AND ACCESS
Materials specified Click here to access online
Uniform Resource Identifier <a href="https://drive.google.com/file/d/12R82spLvUViI8sRx3jHlBgL5EaZSANA_/view?usp=sharing">https://drive.google.com/file/d/12R82spLvUViI8sRx3jHlBgL5EaZSANA_/view?usp=sharing</a>
942 ## - ADDED ENTRY ELEMENTS (KOHA)
Source of classification or shelving scheme Library of Congress Classification
Koha item type Theses and dissertations
Holdings
Withdrawn status Source of classification or shelving scheme Damaged status Not for loan Collection code Home library Current library Shelving location Date acquired Source of acquisition Total Checkouts Full call number Barcode Date last seen Copy number Price effective from Koha item type
  Library of Congress Classification     Non-fiction Cainta College Library Cainta College Library Undergraduate Theses 05/07/2024 Donation   BEED H355 2014 URSCAI-UGT0412 05/07/2024 c.1 05/07/2024 Theses and dissertations

University of Rizal System
Email us at univlibservices@urs.edu.ph

Visit our Website www.urs.edu.ph/library